[Event "Campeonato Brasileiro Amador 2016 U2000"]
[Site "Esporte Clube Pinheiros"]
[Date "2016.05.29"]
[Round "7.4"]
[White "Deste, Dayan Kuhn"]
[Black "Peixoto, Helio Ricardo Soutin"]
[Result "0-1"]
[WhiteElo "1966"]
[BlackElo "1913"]
[PlyCount "80"]
[EventDate "2016.05.26"]

1. e4 c5 2. Nf3 d6 3. d4 cxd4 4. Nxd4 Nf6 5. Nc3 a6 6. Bg5 e6 7. f4 Be7 8. Qf3
Qc7 9. O-O-O Nbd7 10. g4 b5 11. Bxf6 Nxf6 12. g5 Nd7 13. f5 Ne5 14. Qh5 g6 15.
fxg6 Nxg6 16. h4 b4 17. Nd5 exd5 18. exd5 Ne5 19. Qh6 Bg4 20. Re1 Qc5 21. Nc6
Qxd5 22. Nxe5 dxe5 23. Qg7 O-O-O 24. Bxa6+ Kc7 25. Qxe5+ Qxe5 26. Rxe5 Bd6 27.
Ree1 Be6 28. Bd3 Ra8 29. a3 bxa3 30. bxa3 Bxa3+ 31. Kd2 Bb4+ 32. c3 Ra2+ 33.
Ke3 Bc5+ 34. Kf4 Rf2+ 35. Kg3 Rd2 36. Be4 Bf2+ 37. Kf4 Bxe1 38. Rxe1 Rh2 39.
Ra1 Rb8 40. Ra7+ Kd6 0-1

[Event "Campeonato Brasileiro Amador 2016 U2000"]
[Site "Esporte Clube Pinheiros"]
[Date "2016.05.29"]
[Round "7.5"]
[White "Da Silva Junior, Sediney Mari"]
[Black "De Arruda Filho, Nivaldo Jesus"]
[Result "1/2-1/2"]
[WhiteElo "1998"]
[BlackElo "1937"]
[PlyCount "57"]
[EventDate "2016.05.26"]

1. e4 e6 2. d4 d5 3. e5 c5 4. Nf3 Nc6 5. Bd3 Qb6 6. dxc5 Bxc5 7. O-O Nge7 8.
Nbd2 Ng6 9. Bxg6 hxg6 10. Nb3 Bd7 11. Nxc5 Qxc5 12. Be3 Qa5 13. Re1 Rc8 14. a3
Ne7 15. Ng5 Nf5 16. b4 Qc7 17. Nh3 Nxe3 18. Rxe3 Qxc2 19. Qd4 b6 20. Qg4 Rc4
21. f4 Qd2 22. Qf3 Ke7 23. Rd3 Rc1+ 24. Rxc1 Qxc1+ 25. Rd1 Qc2 26. Nf2 Rc8 27.
Qh3 Qe2 28. Qh4+ Ke8 29. Qh8+ 1/2-1/2

[Event "Campeonato Brasileiro Amador 2016 U2000"]
[Site "Esporte Clube Pinheiros"]
[Date "2016.05.29"]
[Round "7.6"]
[White "Da Silva, Mikhail Zoltan Iwan"]
[Black "Ikejiri, Daniel Yoshito"]
[Result "0-1"]
[WhiteElo "1939"]
[BlackElo "1965"]
[PlyCount "66"]
[EventDate "2016.05.26"]

1. e4 c5 2. Nc3 Nc6 3. g3 g6 4. Bg2 Bg7 5. Nge2 e6 6. f4 d6 7. O-O Nge7 8. d3
O-O 9. Be3 Nd4 10. g4 f5 11. exf5 exf5 12. g5 d5 13. Bf2 Nxe2+ 14. Nxe2 Qd6 15.
c3 b6 16. Qb3 Be6 17. Qc2 Rac8 18. h4 Rfd8 19. Bf3 Nc6 20. h5 b5 21. hxg6 hxg6
22. Rfd1 d4 23. Kg2 c4 24. cxd4 Nb4 25. Qd2 Nxd3 26. Be3 Bd5 27. Rf1 Re8 28.
Kg3 Bxf3 29. Rxf3 Re7 30. Rh1 Rce8 31. Rh2 Re4 32. Nc3 Rxe3 33. Rxe3 Qxf4+ 0-1

[Event "Campeonato Brasileiro Amador 2016 U2000"]
[Site "Esporte Clube Pinheiros"]
[Date "2016.05.29"]
[Round "7.7"]
[White "Nicolini, Paulo Giovanni De A"]
[Black "Rocha, Arthur Ferreira"]
[Result "1-0"]
[WhiteElo "1943"]
[BlackElo "1962"]
[PlyCount "133"]
[EventDate "2016.05.26"]

1. e4 c5 2. Nf3 g6 3. d4 cxd4 4. Nxd4 Nf6 5. Nc3 d6 6. Be3 Bg7 7. Qd2 Ng4 8.
Bg5 h6 9. Bh4 Nc6 10. Nxc6 bxc6 11. Bc4 Rb8 12. Rb1 Qc7 13. O-O O-O 14. Bg3 Rd8
15. h3 Ne5 16. Bxe5 dxe5 17. Qe3 Rd4 18. b3 e6 19. Ne2 Rd7 20. Rfd1 Bb7 21. a4
c5 22. Nc3 Rd4 23. Nb5 Qe7 24. Nxd4 exd4 25. Qg3 Rd8 26. e5 Qc7 27. Re1 Bd5 28.
h4 h5 29. Bxd5 Rxd5 30. f4 Bf8 31. Qd3 Be7 32. g3 Qd7 33. a5 Bd8 34. Ra1 Qb7
35. Qc4 Qb4 36. Qxb4 cxb4 37. a6 Bb6 38. Red1 d3+ 39. Kf1 Bd4 40. c4 bxc3 41.
Rxd3 f6 42. exf6 Bxf6 43. Rxd5 exd5 44. Rd1 d4 45. Ke2 Kf7 46. Kd3 Ke6 47. Ke4
Kd6 48. Kd3 Kc5 49. Ra1 Kb4 50. Kc2 Bd8 51. Ra4+ Kc5 52. Rc4+ Kd5 53. Kd3 Bb6
54. Rc8 Ba5 55. Rg8 Kc5 56. Rxg6 Kb4 57. Rg5 Bb6 58. Kc2 Ka3 59. Rb5 Bd8 60.
Rb7 Ba5 61. Rxa7 d3+ 62. Kxd3 Kb2 63. Re7 Kb1 64. Re1+ Kb2 65. Re2+ Kc1 66. a7
Kb1 67. a8=Q 1-0

[Event "Campeonato Brasileiro Amador 2016 U2000"]
[Site "Esporte Clube Pinheiros"]
[Date "2016.05.29"]
[Round "7.9"]
[White "Pimentel, Rafael Favarin G"]
[Black "Camara, Jose Arruda"]
[Result "1/2-1/2"]
[WhiteElo "1963"]
[BlackElo "1878"]
[PlyCount "35"]
[EventDate "2016.05.26"]

1. d4 e6 2. c4 d5 3. Nc3 c6 4. e3 Nf6 5. Nf3 Be7 6. Qc2 O-O 7. Rb1 dxc4 8. Bxc4
b5 9. Bd3 Bb7 10. e4 h6 11. O-O Nbd7 12. e5 Nd5 13. Nxd5 exd5 14. b4 Nb6 15.
Nd2 Nc4 16. Re1 a5 17. Bxc4 dxc4 18. bxa5 1/2-1/2

[Event "Campeonato Brasileiro Amador 2016 U2000"]
[Site "Esporte Clube Pinheiros"]
[Date "2016.05.29"]
[Round "7.10"]
[White "Almeida Junior, Waldomiro Carl"]
[Black "Polonio, Rodolfo"]
[Result "0-1"]
[WhiteElo "1872"]
[BlackElo "1952"]
[PlyCount "111"]
[EventDate "2016.05.26"]

1. Nf3 Nf6 2. c4 e6 3. Nc3 Bb4 4. Qc2 O-O 5. e4 d6 6. d4 c5 7. Be2 cxd4 8. Nxd4
Bxc3+ 9. bxc3 e5 10. Nb3 Qc7 11. O-O Be6 12. Ba3 Na6 13. Rad1 Rfd8 14. Rd2 Ne8
15. Rfd1 Rac8 16. h3 h6 17. Kh2 b6 18. f3 Kf8 19. f4 f6 20. fxe5 fxe5 21. Bh5
Nc5 22. Nxc5 dxc5 23. Bxe8 Kxe8 24. Rf2 Rxd1 25. Qxd1 Rd8 26. Qf3 Kd7 27. Bc1
Kc6 28. Qe2 Qd6 29. Rf3 Qd1 30. Qe3 Bxc4 31. Bb2 Rd3 32. Qc1 Qxc1 33. Bxc1 Rxf3
34. gxf3 Bxa2 35. f4 exf4 36. Bxf4 Bb1 37. e5 Kd5 38. h4 a5 39. h5 a4 40. c4+
Ke6 41. Bc1 Bd3 42. Kg3 Bxc4 43. Kf4 Bd5 44. Bb2 b5 45. Ke3 b4 46. Kd3 c4+ 47.
Kc2 c3 48. Bc1 Kxe5 49. Be3 a3 50. Kb1 b3 51. Bc1 Be4+ 52. Ka1 b2+ 53. Bxb2
axb2+ 54. Ka2 b1=Q+ 55. Ka3 Bd5 56. Ka4 0-1

[Event "Campeonato Brasileiro Amador 2016 U2000"]
[Site "Esporte Clube Pinheiros"]
[Date "2016.05.29"]
[Round "7.11"]
[White "Bail, Ellen Larissa"]
[Black "Desideri, Ricardo Maruchi"]
[Result "0-1"]
[WhiteElo "1851"]
[BlackElo "1950"]
[PlyCount "60"]
[EventDate "2016.05.26"]

1. d4 Nf6 2. c4 c5 3. d5 e6 4. Nc3 exd5 5. cxd5 d6 6. e4 g6 7. Bc4 Bg7 8. Nge2
O-O 9. f3 Nbd7 10. Be3 Ne5 11. Bb3 b6 12. O-O Ba6 13. a3 Rb8 14. Ba2 Qd7 15. b3
Nh5 16. g4 Nxg4 17. fxg4 Qxg4+ 18. Kh1 Bxc3 19. Nxc3 Ng3+ 20. hxg3 Qh3+ 21. Kg1
Qxg3+ 22. Kh1 Qh3+ 23. Kg1 Qxe3+ 24. Rf2 Qxc3 25. Rc1 Qg3+ 26. Rg2 Qe3+ 27. Kh1
Rbe8 28. Bb1 Re5 29. Rcc2 Rxe4 30. Rcd2 Qe1+ 0-1

[Event "Campeonato Brasileiro Amador 2016 U2000"]
[Site "Esporte Clube Pinheiros"]
[Date "2016.05.29"]
[Round "7.12"]
[White "Aoyama, Edmundo"]
[Black "Farias, Jose Nogueira De"]
[Result "1/2-1/2"]
[WhiteElo "1797"]
[BlackElo "1941"]
[PlyCount "104"]
[EventDate "2016.05.26"]

1. Nf3 d5 2. d4 c5 3. c3 cxd4 4. cxd4 Nc6 5. Nc3 Nf6 6. g3 Bf5 7. a3 h6 8. Bg2
Rc8 9. O-O e6 10. Qb3 Qd7 11. Bf4 Be7 12. Rac1 g5 13. Be5 Rg8 14. Bxf6 Bxf6 15.
e3 h5 16. Rfe1 g4 17. Nd2 Bg5 18. Qd1 Ke7 19. b4 h4 20. b5 Na5 21. gxh4 Bxh4
22. e4 dxe4 23. Ndxe4 Bxe4 24. Nxe4 Rxc1 25. Qxc1 b6 26. Qh6 Bxf2+ 27. Kxf2
Qxd4+ 28. Qe3 Qb2+ 29. Re2 Qxb5 30. Qf4 Qf5 31. Qxf5 exf5 32. Nc3+ Kf6 33. Nd5+
Kg7 34. Re7 Rc8 35. Rxa7 Rc2+ 36. Kg3 Ra2 37. Nxb6 Rxa3+ 38. Kf4 Kg6 39. Bd5
Nc4 40. Rxa3 Nxa3 41. Nd7 Nb5 42. Ne5+ Kf6 43. Bxf7 Nd4 44. Bc4 Nc2 45. Nc6 Ne1
46. Be2 Ng2+ 47. Kg3 Ne3 48. Nd4 Ke5 49. Nc6+ Kf6 50. Kf2 f4 51. Nb4 Ke5 52.
Nd3+ Ke4 1/2-1/2

[Event "Campeonato Brasileiro Amador 2016 U2000"]
[Site "Esporte Clube Pinheiros"]
[Date "2016.05.29"]
[Round "7.13"]
[White "Felix, Raimundo Nascimento"]
[Black "Caceres, Elton Carlos"]
[Result "1-0"]
[WhiteElo "1930"]
[BlackElo "1854"]
[PlyCount "191"]
[EventDate "2016.05.26"]

1. e4 d5 2. Nc3 dxe4 3. Nxe4 f5 4. Ng3 Nf6 5. d4 Nc6 6. Nf3 g6 7. a3 Bg7 8. Bc4
Nd5 9. c3 e6 10. O-O h6 11. Re1 Kf7 12. Bd2 Re8 13. Qc1 g5 14. Qc2 g4 15. Ne5+
Nxe5 16. dxe5 c6 17. Re2 Rh8 18. Nh5 Bf8 19. g3 Kg6 20. Nf4+ Nxf4 21. Bxf4 b5
22. Rd1 Qe8 23. Bb3 Bb7 24. Red2 c5 25. c4 a6 26. Rd7 Rh7 27. Qd2 Bc6 28. Rxh7
Kxh7 29. Qa5 Qb8 30. Qd2 Qc8 31. Qd3 Qb7 32. cxb5 Bxb5 33. Bc4 Re8 34. b3 Re7
35. Qd8 Bg7 36. Bxb5 axb5 37. Qd6 Qa7 38. Rc1 Bf8 39. Qxc5 Kg6 40. Be3 Qb7 41.
Qc6 Kf7 42. a4 bxa4 43. Qxb7 Rxb7 44. bxa4 h5 45. a5 Rb5 46. a6 Ra5 47. a7 Bh6
48. Rc7+ Kg6 49. Bb6 Ra1+ 50. Kg2 f4 51. gxf4 h4 52. h3 Kf5 53. Rc8 gxh3+ 54.
Kxh3 Ra3+ 55. Be3 Bxf4 56. a8=Q Rxa8 57. Rxa8 Bxe5 58. Ra5 Kf6 59. Kxh4 Bc3 60.
Bg5+ Kg6 61. Ra6 Kf5 62. f3 Be1+ 63. Kh5 Bg3 64. Ra8 Bd6 65. Ra7 e5 66. Ra6 Ke6
67. Kg6 Kd5 68. Kf5 Bb4 69. Bf6 Bd6 70. Bxe5 Bc5 71. Bg7 Be3 72. Kg6 Bf4 73.
Bh6 Bg3 74. f4 Be1 75. f5 Bb4 76. f6 Ke5 77. f7 Kd5 78. Ra7 Ke6 79. f8=N+ Kd5
80. Kf5 Bc5 81. Rd7+ Kc6 82. Ke6 Bg1 83. Bf4 Bf2 84. Rc7+ Kb6 85. Nd7+ Kb5 86.
Kd5 Kb4 87. Bd2+ Kb3 88. Rc3+ Ka4 89. Kc4 Ba7 90. Rc2 Bd4 91. Nb6+ Ka3 92. Bc1+
Bb2 93. Bxb2+ Ka2 94. Kc3 Kb1 95. Rc1+ Ka2 96. Ra1# 1-0

[Event "Campeonato Brasileiro Amador 2016 U2000"]
[Site "Esporte Clube Pinheiros"]
[Date "2016.05.29"]
[Round "7.14"]
[White "Dias, Joao Batista"]
[Black "De Almeida, Guilherme Pereira"]
[Result "0-1"]
[WhiteElo "1921"]
[BlackElo "1838"]
[PlyCount "64"]
[EventDate "2016.05.26"]

1. e4 d6 2. g3 Nf6 3. Bg2 g6 4. d4 Bg7 5. Ne2 O-O 6. O-O e5 7. dxe5 dxe5 8. Bg5
h6 9. Bd2 c6 10. Qc1 Kh7 11. Na3 Qc7 12. Nc4 Be6 13. Ne3 Nbd7 14. b3 Rfd8 15.
f3 Ne8 16. g4 f6 17. h4 Bf8 18. Bh3 Bc5 19. Kg2 Nf8 20. Ng3 Qb6 21. Nc4 Bxc4
22. bxc4 g5 23. hxg5 hxg5 24. Bxg5 fxg5 25. Qxg5 Be3 26. Qe7+ Ng7 27. Nh5 Rd2+
28. Kh1 Nfe6 29. Nxg7 Nxg7 30. Rab1 Qd8 31. Rxb7 Qxe7 32. Rxe7 Kg6 0-1

[Event "Campeonato Brasileiro Amador 2016 U2000"]
[Site "Esporte Clube Pinheiros"]
[Date "2016.05.29"]
[Round "7.15"]
[White "Duailibe, Ricardo Miguel"]
[Black "Filgueiras, Nathan Felipe"]
[Result "0-1"]
[WhiteElo "1900"]
[BlackElo "1838"]
[PlyCount "74"]
[EventDate "2016.05.26"]

1. e4 c5 2. Nf3 Nc6 3. d3 g6 4. g3 Bg7 5. Bg2 d6 6. O-O Nf6 7. c3 O-O 8. h3 e6
9. Re1 Qc7 10. a4 Rb8 11. d4 Rd8 12. Qc2 b6 13. Na3 a6 14. b4 Nd7 15. Bb2 Bb7
16. Bf1 Ne7 17. Qd2 d5 18. e5 Rdc8 19. b5 a5 20. Rac1 Nf5 21. g4 Bh6 22. g5 Bf8
23. Nh2 h5 24. gxh6 Bxh6 25. f4 Qd8 26. Nf3 Nh4 27. Nh2 g5 28. Bd3 Kh8 29. Qe2
gxf4 30. Kh1 f3 31. Nxf3 Nxf3 32. Qxf3 Qh4 33. Rcd1 Rg8 34. Bf1 Rg3 35. Qe2
Rbg8 36. Qh2 Qh5 37. Be2 Qf5 0-1

[Event "Campeonato Brasileiro Amador 2016 U2000"]
[Site "Esporte Clube Pinheiros"]
[Date "2016.05.29"]
[Round "7.16"]
[White "Leon Lopes, Sergio Amadeus"]
[Black "Hara, Aroldo Hiroiuqui"]
[Result "1/2-1/2"]
[WhiteElo "1885"]
[BlackElo "1822"]
[PlyCount "58"]
[EventDate "2016.05.26"]

1. e4 d6 2. d4 c5 3. dxc5 Qa5+ 4. Nc3 Qxc5 5. Nf3 Nc6 6. Bd3 Bg4 7. Be3 Qa5 8.
h3 Bxf3 9. Qxf3 Nf6 10. O-O g6 11. Bb5 Nd7 12. Nd5 Rc8 13. Bxc6 bxc6 14. Bd4
Rg8 15. Bc3 Qb5 16. a4 Qb7 17. Nf4 Bg7 18. Bxg7 Rxg7 19. Qc3 Kf8 20. Nd3 g5 21.
e5 dxe5 22. Nxe5 Nf6 23. b3 h5 24. Rad1 Kg8 25. Rd3 Nd5 26. Qd2 f6 27. Nxc6
Qxc6 28. Rxd5 Qxc2 29. Qxc2 Rxc2 1/2-1/2

[Event "Campeonato Brasileiro Amador 2016 U2000"]
[Site "Esporte Clube Pinheiros"]
[Date "2016.05.29"]
[Round "7.17"]
[White "Da Silva, Angelo Luiz"]
[Black "Casarin, Luis Marcio Pinhatt"]
[Result "1/2-1/2"]
[WhiteElo "1879"]
[BlackElo "1819"]
[PlyCount "175"]
[EventDate "2016.05.26"]

1. d4 Nf6 2. Nf3 e6 3. g3 d5 4. Bg2 Bd6 5. O-O O-O 6. c4 c6 7. Qc2 Na6 8. a3
Ne4 9. Nbd2 f5 10. Ne5 Bxe5 11. dxe5 Nxd2 12. Bxd2 Bd7 13. Rfd1 Rc8 14. b4 Qe8
15. Rac1 Nc7 16. Be3 b6 17. c5 b5 18. Rd4 Qf7 19. Bf3 Be8 20. Kg2 Qe7 21. h3
Bg6 22. Qd2 Ne8 23. h4 Qc7 24. Bf4 Qf7 25. Rh1 Bh5 26. Qe3 Ra8 27. Bg5 Bxf3+
28. exf3 Nc7 29. Re1 Rae8 30. Qc3 Ra8 31. Bc1 a6 32. Rf4 Qe7 33. Bb2 Rf7 34.
Qc2 Raf8 35. Ra1 Ra8 36. Rd4 Qf8 37. h5 Qe7 38. Qd2 Rff8 39. g4 Qf7 40. Rf4 Qe7
41. Rd4 Qf7 42. Qe3 Kh8 43. Bc3 Kg8 44. Rh1 Kh8 45. Rd2 fxg4 46. fxg4 Qf4 47.
Rd4 Qxe3 48. fxe3 Rf7 49. Rf4 Raf8 50. Rhf1 Kg8 51. Kg3 Ne8 52. R1f2 Nc7 53.
Bd4 Ne8 54. a4 Nc7 55. axb5 Rxf4 56. exf4 axb5 57. Ra2 Ra8 58. Rxa8+ Nxa8 59.
f5 Kf7 60. Kf4 Nc7 61. Kg5 h6+ 62. Kf4 Na6 63. Bc3 Nc7 64. Bd2 Ne8 65. Be1 Nc7
66. Bd2 Na6 67. Bc3 Nc7 68. f6 Ne8 69. g5 hxg5+ 70. Kxg5 Nc7 71. fxg7 Kxg7 72.
h6+ Kf7 73. Be1 d4 74. Bd2 Nd5 75. Kg4 Kg6 76. Kf3 Nc3 77. Bg5 Na2 78. Bd2 Nc3
79. Kg4 Ne4 80. Bf4 Nc3 81. Kf3 Na2 82. Bd2 Nc3 83. Kg2 Ne4 84. Bf4 Nc3 85. Kf1
Nd5 86. Bd2 Ne7 87. Ke2 Nf5 88. Kd3 1/2-1/2

[Event "Campeonato Brasileiro Amador 2016 U2000"]
[Site "Esporte Clube Pinheiros"]
[Date "2016.05.29"]
[Round "7.18"]
[White "Nascimento, Pedro Henrique Alve"]
[Black "Da Silva, Wagner Afonso"]
[Result "1-0"]
[WhiteElo "1872"]
[BlackElo "1979"]
[PlyCount "117"]
[EventDate "2016.05.26"]

1. d4 Nf6 2. c4 e6 3. Nc3 Bb4 4. Qc2 d5 5. cxd5 exd5 6. Bg5 c6 7. a3 Be7 8. e3
O-O 9. Bd3 h6 10. Bh4 Be6 11. Nge2 Nbd7 12. O-O Ne8 13. Bxe7 Qxe7 14. b4 Nd6
15. Na4 Rac8 16. Nc5 Nb6 17. Nf4 Nbc4 18. Ncxe6 fxe6 19. Ng6 Qf6 20. Nxf8 Rxf8
21. a4 a6 22. Rad1 Kh8 23. Qb3 Rf7 24. e4 Qf4 25. g3 Qf3 26. Bxc4 Nxc4 27. Qxf3
Rxf3 28. exd5 exd5 29. Rfe1 Nb2 30. Re8+ Kh7 31. Rde1 Rb3 32. Rb1 Rxb4 33. Re2
Nd3 34. Rxb4 Nxb4 35. a5 c5 36. dxc5 Nc6 37. Rd2 d4 38. f4 Kg6 39. Kf2 Kf5 40.
Kf3 Ke6 41. Ke4 Nxa5 42. Rxd4 Nc6 43. Rd6+ Ke7 44. g4 a5 45. h4 a4 46. Rd3 Na7
47. Kd5 Nc6 48. Kc4 g5 49. Re3+ Kf6 50. fxg5+ hxg5 51. h5 a3 52. Rxa3 Ne5+ 53.
Kd4 Nxg4 54. Rb3 Ne5 55. Rxb7 Nc6+ 56. Ke4 Nd8 57. Rb6+ Ke7 58. Kf5 Kf7 59. Rd6
1-0

[Event "Campeonato Brasileiro Amador 2016 U2000"]
[Site "Esporte Clube Pinheiros"]
[Date "2016.05.29"]
[Round "7.19"]
[White "Bonvini, Alberto Tonhati"]
[Black "Grillo, Carlos Henrique Gome"]
[Result "0-1"]
[WhiteElo "1871"]
[BlackElo "1942"]
[PlyCount "82"]
[EventDate "2016.05.26"]

1. e4 c5 2. Nc3 d6 3. Bb5+ Bd7 4. Bc4 e6 5. d3 Nc6 6. f4 Na5 7. Bb3 Nxb3 8.
axb3 Nf6 9. Nf3 a6 10. O-O g6 11. e5 Ng8 12. d4 d5 13. Be3 Qc7 14. Kh1 cxd4 15.
Nxd4 Rc8 16. Qe2 Ne7 17. Qf2 h5 18. Nce2 Bg7 19. Qh4 Bc6 20. c3 Nf5 21. Nxf5
gxf5 22. Qg5 Kf8 23. Bc5+ Kg8 24. Bd6 Qd7 25. Ng3 Rh6 26. Nxh5 Rg6 27. Qh4 d4
28. Rf2 Rg4 29. Qh3 dxc3 30. bxc3 Be4 31. c4 f6 32. exf6 Qxd6 33. fxg7 Qd4 34.
Raf1 Rd8 35. c5 Qxf2 36. Nf6+ Kxg7 37. Ne8+ Kg6 38. Rg1 Bxg2+ 39. Qxg2 Qxg2+
40. Rxg2 Rd1+ 41. Rg1 Rgxg1# 0-1

[Event "Campeonato Brasileiro Amador 2016 U2000"]
[Site "Esporte Clube Pinheiros"]
[Date "2016.05.29"]
[Round "7.20"]
[White "Reboucas, Deive Pacheco"]
[Black "De Borba, Gabriel"]
[Result "1-0"]
[WhiteElo "1882"]
[BlackElo "1864"]
[PlyCount "167"]
[EventDate "2016.05.26"]

1. e4 c5 2. b4 cxb4 3. a3 e5 4. Nf3 Nc6 5. axb4 Bxb4 6. c3 Be7 7. d4 exd4 8.
cxd4 d5 9. e5 Bb4+ 10. Bd2 Bxd2+ 11. Nbxd2 Nge7 12. Qb1 Nf5 13. Bb5 O-O 14.
Bxc6 bxc6 15. O-O Nh4 16. Rc1 Nxf3+ 17. Nxf3 Qc7 18. Ng5 g6 19. Rc5 Bd7 20. h4
f6 21. Nf3 Bg4 22. Ra6 Bxf3 23. Raxc6 Be4 24. Qc1 Qb7 25. f3 Bf5 26. g4 Bd3 27.
Kg2 Bc4 28. Rc7 Qb4 29. Qh6 Rf7 30. Rxf7 Kxf7 31. Qxh7+ Ke8 32. Qg8+ Kd7 33.
Qf7+ Kd8 34. Qxf6+ Ke8 35. Qxg6+ Ke7 36. Qd6+ Ke8 37. Qc6+ Kf7 38. e6+ Kg7 39.
Qd7+ Kh8 40. Rc8+ Rxc8 41. Qxc8+ Kg7 42. Qd7+ Kh8 43. Qe8+ Kh7 44. Qf7+ Kh8 45.
Qf6+ Kh7 46. Qf7+ Kh8 47. Qh5+ Kg7 48. Qg5+ Kf8 49. Qf6+ Kg8 50. Qg6+ Kh8 51.
Qf6+ Kh7 52. Qf5+ Kh8 53. Qe5+ Kg8 54. e7 Bb5 55. e8=R+ Bxe8 56. Qxe8+ Kg7 57.
Qe5+ Kh7 58. Qh5+ Kg7 59. Qg5+ Kh7 60. Qf5+ Kg7 61. Qxd5 Qd2+ 62. Kg3 Qe1+ 63.
Kf4 Qd2+ 64. Kf5 Qc2+ 65. Qe4 Qc8+ 66. Kf4 Qc1+ 67. Qe3 Qh1 68. d5 Qh2+ 69. Kg5
Qd6 70. Qe6 Qd8+ 71. Kf4 Qf8+ 72. Kg3 Qb8+ 73. d6 a5 74. g5 Qb1 75. Qe7+ Kg8
76. d7 Qg1+ 77. Kh3 Qh1+ 78. Kg4 Qg2+ 79. Kh5 Qxf3+ 80. Kh6 Qc6+ 81. Kh5 Qf3+
82. Kh6 Qc6+ 83. g6 Qc1+ 84. Qg5 1-0

[Event "Campeonato Brasileiro Amador 2016 U2000"]
[Site "Esporte Clube Pinheiros"]
[Date "2016.05.29"]
[Round "7.21"]
[White "Vieira, Alexandre Letizio"]
[Black "Silva, Vinicius Parente"]
[Result "1-0"]
[WhiteElo "1859"]
[BlackElo "1874"]
[PlyCount "142"]
[EventDate "2016.05.26"]

1. d4 Nf6 2. Nf3 g6 3. Bf4 Bg7 4. e3 d6 5. h3 O-O 6. c3 c5 7. Be2 Qb6 8. Qb3
Be6 9. Qxb6 axb6 10. a3 Bd7 11. Nbd2 b5 12. O-O Na6 13. Rfe1 Nd5 14. Bh2 b4 15.
axb4 cxb4 16. c4 Ndc7 17. b3 b5 18. Ra5 Rfb8 19. Rea1 bxc4 20. Nxc4 Bb5 21. Kf1
Nd5 22. Ke1 Nc3 23. Bf1 Nc7 24. Ncd2 Rxa5 25. Rxa5 Kf8 26. Bc4 h6 27. g4 Ke8
28. Bxb5+ N7xb5 29. Nc4 Kd7 30. Kd2 Ne4+ 31. Ke1 Kc7 32. Nfd2 Nec3 33. Nb2 Na3
34. Ndc4 Nxc4 35. Nxc4 Kb7 36. f3 Rc8 37. Kd2 Bf6 38. Bxd6 Rxc4 39. bxc4 exd6
40. Kc2 Bd8 41. Ra1 d5 42. Kb3 dxc4+ 43. Kxc4 Be7 44. e4 Ne2 45. h4 Nf4 46. e5
Kc6 47. h5 Nd5 48. hxg6 fxg6 49. Ra6+ Nb6+ 50. Kd3 Kb7 51. Ra5 Kc6 52. Ra7 Bg5
53. Rg7 Kb5 54. Rxg6 Na4 55. Rg8 Kc6 56. Kc4 Nb6+ 57. Kxb4 Kd5 58. Rg6 Kxd4 59.
Rxb6 Kxe5 60. Kc4 Be3 61. Rb5+ Kf4 62. Rf5+ Kg3 63. Kd3 Bc1 64. Ke4 Bd2 65. Rb5
Bc1 66. Rb3 Bf4 67. Kf5 Bc1 68. f4+ Kh4 69. Rb1 Be3 70. Rh1+ Kg3 71. Rxh6 Bxf4
1-0

[Event "Campeonato Brasileiro Amador 2016 U2000"]
[Site "Esporte Clube Pinheiros"]
[Date "2016.05.29"]
[Round "7.22"]
[White "Lima, Eduardo Augusto Fabr"]
[Black "Hoshino, Karen"]
[Result "1/2-1/2"]
[WhiteElo "1957"]
[BlackElo "1744"]
[PlyCount "36"]
[EventDate "2016.05.26"]

1. d4 d5 2. c4 dxc4 3. e3 Nf6 4. Bxc4 e6 5. Nf3 c5 6. O-O Nc6 7. Nc3 a6 8. dxc5
Qc7 9. Qe2 Bxc5 10. a3 b5 11. Ba2 O-O 12. b4 Bd6 13. Bb2 Bb7 14. Rac1 Qe7 15.
Rfd1 Rfd8 16. h3 h6 17. Rd2 Rd7 18. Rcd1 Rad8 1/2-1/2

[Event "Campeonato Brasileiro Amador 2016 U2000"]
[Site "Esporte Clube Pinheiros"]
[Date "2016.05.29"]
[Round "7.23"]
[White "Gomes, Marco Tulio Caldeir"]
[Black "Sa, Antonio Villar Marq"]
[Result "0-1"]
[WhiteElo "1821"]
[BlackElo "1933"]
[PlyCount "54"]
[EventDate "2016.05.26"]

1. e4 e5 2. Nf3 Nc6 3. Bb5 a6 4. Ba4 Nf6 5. O-O Be7 6. Re1 b5 7. Bb3 d6 8. c3
O-O 9. h3 Na5 10. Bc2 c5 11. d4 Qc7 12. Nbd2 cxd4 13. cxd4 Rd8 14. Nf1 exd4 15.
Nxd4 d5 16. e5 Ne4 17. f3 Ng5 18. Qd3 g6 19. Kh1 Nc6 20. Nxc6 Qxc6 21. Bf4 Bf5
22. Qe3 d4 23. Qd2 Nxf3 24. gxf3 Qxf3+ 25. Kg1 Bxc2 26. Rac1 d3 27. Kh2 a5 0-1

[Event "Campeonato Brasileiro Amador 2016 U2000"]
[Site "Esporte Clube Pinheiros"]
[Date "2016.05.29"]
[Round "7.24"]
[White "Serafim Junior, Arnor"]
[Black "Lunelli, Neuri Antonio"]
[Result "1-0"]
[WhiteElo "1868"]
[BlackElo "1800"]
[PlyCount "101"]
[EventDate "2016.05.26"]

1. Nf3 Nf6 2. g3 g6 3. Bg2 Bg7 4. O-O d6 5. d3 O-O 6. c4 Nbd7 7. Nc3 c6 8. Rb1
e5 9. Nd2 Qc7 10. b4 Ne8 11. b5 f5 12. bxc6 bxc6 13. Qa4 e4 14. Ncxe4 fxe4 15.
Nxe4 Rb8 16. Be3 Rxb1 17. Rxb1 c5 18. Ng5 Nb6 19. Qa5 h6 20. Ne4 Bg4 21. Qd2
Kh7 22. h3 Be6 23. Qc2 Qd7 24. Kh2 Nf6 25. Nc3 Nh5 26. Ne4 Be5 27. f4 Bh8 28.
a4 Nxa4 29. Nf6+ Bxf6 30. Rb7 Qxb7 31. Bxb7 Rf7 32. Be4 Nc3 33. Bf3 Ng7 34. Bd2
Nxe2 35. Bxe2 Nf5 36. Qb1 Nd4 37. Bd1 Kg7 38. g4 Bd7 39. Qb8 Bc6 40. Qxd6 Rb7
41. Kg3 Be7 42. Qe5+ Kf7 43. Bc3 Rb1 44. Bxd4 cxd4 45. Bf3 Bxf3 46. Kxf3 Rh1
47. Kg2 Ra1 48. Qxd4 Ra2+ 49. Kf3 a5 50. c5 Ra3 51. c6 1-0

[Event "Campeonato Brasileiro Amador 2016 U2000"]
[Site "Esporte Clube Pinheiros"]
[Date "2016.05.29"]
[Round "7.25"]
[White "Baba, Renato"]
[Black "Passos Coutinho, Eduardo"]
[Result "1/2-1/2"]
[WhiteElo "1858"]
[BlackElo "1790"]
[PlyCount "138"]
[EventDate "2016.05.26"]

1. c4 c5 2. Nc3 Nc6 3. g3 g6 4. Bg2 Bg7 5. e4 d6 6. d3 Nf6 7. h3 O-O 8. Be3 Ne8
9. Nge2 Nc7 10. d4 cxd4 11. Nxd4 Ne6 12. Nxc6 bxc6 13. O-O Ba6 14. Qa4 Qc8 15.
Rfd1 Rb8 16. Rab1 Nc5 17. Bxc5 dxc5 18. Bf1 Bd4 19. Qc2 e5 20. b3 Qc7 21. Ne2
Bc8 22. Nxd4 cxd4 23. Qd2 c5 24. f4 exf4 25. gxf4 Rd8 26. Qf2 a5 27. Rd3 Re8
28. Bg2 Bb7 29. e5 Bxg2 30. Kxg2 Qb7+ 31. Qf3 Qxf3+ 32. Kxf3 Rb6 33. Ke4 Rd8
34. a3 f5+ 35. exf6 Rxf6 36. b4 Re6+ 37. Kf3 axb4 38. axb4 Rb8 39. b5 Kf7 40.
Ra3 Ke8 41. Rbb3 Kd8 42. Ra7 h6 43. Rh7 h5 44. Ra3 Re7 45. Rh8+ Kc7 46. Ra7+
Rb7 47. Raa8 Rb6 48. Rhc8+ Kd6 49. Rg8 Kc7 50. Ra7+ Rb7 51. Rxb7+ Kxb7 52. Rxg6
Re3+ 53. Kf2 Rc3 54. Rg7+ Kb6 55. Rg6+ Kb7 56. f5 Rxc4 57. f6 d3 58. Kf3 d2 59.
Ke2 Rd4 60. Kd1 c4 61. Rg3 Kb6 62. Rf3 Rd8 63. f7 Rf8 64. Kxd2 Kxb5 65. Kc3 Kc5
66. Rf5+ Kd6 67. Kxc4 h4 68. Kd4 Ke6 69. Ke4 Rxf7 1/2-1/2

[Event "Campeonato Brasileiro Amador 2016 U2000"]
[Site "Esporte Clube Pinheiros"]
[Date "2016.05.29"]
[Round "7.27"]
[White "Reis, Virginia Lagrange M"]
[Black "De Freitas, Rames Fialho"]
[Result "0-1"]
[WhiteElo "1776"]
[BlackElo "1935"]
[PlyCount "72"]
[EventDate "2016.05.26"]

1. e4 e6 2. d4 d5 3. Nd2 dxe4 4. Nxe4 Nd7 5. Nf3 Ngf6 6. Nxf6+ Nxf6 7. Bd3 h6
8. O-O Bd6 9. Re1 O-O 10. c3 b6 11. Ne5 Bb7 12. f4 c5 13. Nc4 Be7 14. Ne3 cxd4
15. cxd4 Bb4 16. Re2 Qc7 17. Nc2 Bd6 18. Qf1 Rad8 19. Bd2 Nd5 20. Rf2 Nf6 21.
Rc1 Qe7 22. Ne3 Bb8 23. Nc2 Ng4 24. Re2 a5 25. h3 Nf6 26. b4 Nd5 27. bxa5 bxa5
28. g3 Nb4 29. Nxb4 axb4 30. Be3 Ba7 31. Qf2 Qd7 32. Rd2 Qd5 33. Kh2 Rc8 34.
Rf1 Rc3 35. Be2 Rxe3 36. Rg1 Rc3 0-1